| 000 | 00818nam a2200217 a 4500 | ||
|---|---|---|---|
| 001 | 000024107 | ||
| 005 | 20251120073732.0 | ||
| 008 | 110119s1986 dr 000 0 spa d | ||
| 040 |
_aDO-SdBNP _bspa _cBNPHU |
||
| 041 | 1 | 7 |
_aeng _2spa |
| 082 |
_axxx _bM425f |
||
| 245 | 0 | 0 |
_aMaterials for the study of politics and government in the Dominican Republic 1930-1966 = Materiales para el estudio de la política y el gobierno en la República Dominicana 1930-1966 / _crecopilados, comentados Howard J. Wiarda. |
| 260 |
_aSantiago : _bUCMM, _c1986. |
||
| 300 |
_a142 p. ; _c20 cm. |
||
| 490 | 1 | _aEstudios | |
| 500 | _aIncluye notas al pie de páginas | ||
| 700 | 1 |
_aWiarda, Howard J., _erec. _d1939 _95409 |
|
| 710 | 2 |
_aPontificia Universidad Católica Madre y Maestra _9843 |
|
| 830 | 0 |
_aEstudios _93854 |
|
| 049 | _aBNPD | ||
| 999 |
_c23602 _d23602 |
||